000 01154cam a2200325 a 4500
001 15490843
003 OSt
005 20140310182432.0
008 081020s2008 nyua b 001 0 eng
010 _a 2008277874
020 _a9780071082013(acidfree paper)
040 _aDLC
_cDLC
_dDLC
050 0 0 _aRM 301.13
_b.T815 2010
100 1 _aTrevor, Anthony J.
245 1 0 _aKatzung & Trevor's pharmacology :
_bexamination & board review.
246 3 0 _aPharmacology
246 3 _aKatzung and Trevor's pharmacology
250 _a8th ed. by Anthony J. Trevor, Bertram G. Katzung, Susan Masters.
260 _aNew York :
_bMcGraw Hill Medical,
_cc2010.
300 _aviii, 631 p. :
_bill. ;
_c24 cm.
562 _e1
650 0 _aPharmacology
_vExaminations, questions, etc.
700 1 _aKatzung, Bertram G.
700 1 _aMasters, Susan B.
856 4 1 _3Table of contents only
_uhttp://www.loc.gov/catdir/toc/fy1002/2008277874.html
906 _a7
_bcbc
_corigcop
_d2
_encip
_f20
_gy-gencatlg
942 _2lcc
_cBK
999 _c13394
_d13394